| 000 | 00455nam a22001577a 4500 | ||
|---|---|---|---|
| 005 | 20260428131857.0 | ||
| 008 | 260428b |||||||| |||| 00| 0 eng d | ||
| 020 | _a0435901397 | ||
| 050 |
_aPR9381.9 _b.R84 |
||
| 100 | _aMwangi Ruheni | ||
| 245 | _aThe Future Leaders | ||
| 260 |
_aIBADAN _bHeinemann _c1973 |
||
| 300 | _a214 pages | ||
| 650 |
_aEnglish Literature _vEnglish literature of East Africa (Kenya/Tanzania/Uganda literary grouping) |
||
| 942 | _cBK | ||
| 999 |
_c4725 _d4725 |
||